000 00826nam a2200277Ia 4500
003 GCL
008 140319s9999 xx 000 0 ara d
040 _aGCL /
_cGCL
082 0 4 _a614.88
_bج ا
100 1 _aحكمت عبد الكريم فرحات
245 1 0 _aاسس الاسعاف الاولى والفورى /
_cحكمت عبد الكريم فرحات
700 1 _aمحمد طه الحمود
700 1 _aصلاح ابوالرب
260 _a[S.N] :
_bدار الشروق ،
_c1991
300 _a239
490 _a
650 0 4 _aالاسعافات الاولية
650 0 4 _aالحوادث
650 0 4 _aالتنفس الصناعى
650 0 4 _aالاختناق
650 0 4 _aالجروح
650 0 4 _aالانعاش
650 0 4 _aالحروق
650 0 4 _aالانقاذ
942 _2ddc
_cBK
999 _c30616
_d30616